UEFA Football Clubs Ranking - Statistics

General Stats
  • This quiz has been taken 343 times
  • The average score is 21 of 30
Answer Stats
Hint Answer % Correct
2 FC Barcelona
99%
1 Real Madrid
99%
23 Bayer Leverkusen
96%
22 Manchester City
96%
5 Manchester United
95%
4 Chelsea FC
94%
11 AC Milan
93%
16 Juventus
93%
13 FC Internazionale Milano
92%
9 Arsenal
91%
3 FC Bayern Munich
91%
17 Paris Saint-Germain
91%
7 Club Atletico de Madrid
82%
10 FC Porto
78%
6 SL Benfica
75%
30 AFC Ajax
74%
15 Borussia Dortmund
68%
25 Sevilla FC
68%
19 Tottenham Hotspur
66%
8 Valencia
65%
29 PSV Eindhoven
55%
14 Schalke 04
48%
21 FC Zenit
47%
12 Olympique Lyonnais
44%
28 CSKA Moskva
38%
24 Olympique de Marseille
38%
20 FC Basel
26%
18 FC Shakhtar Donetsk
24%
27 Olympiacos FC
23%
26 Rubin Kazan
4%
No matching quizzes found
Score Distribution
Percent of People with Each Score
Percentile by Number Answered
Your Score History
You have not taken this quiz